000 00288nam a2200109Ia 4500
008 190907s9999||||xx |||||||||||||| ||und||
100 _aCozzetto, Kweit
245 0 _aPublic Budgeting Politics , institution , and Processes
260 _aUSA
_bMcGraw-Hill
_c1995
300 _a322
942 _cBK
999 _c6498
_d6498